000 00943na a2200301 4500
001 20865
003 MIRAKIL
005 20181213155013.0
008 170127b tu 000 0
035 _a20865
040 _aMilas
_btur
_cTR-AnCHP
041 _atur
082 _aCHP 324.2372
_bC36c 2015
090 _aBROŞÜR 228
110 _aCumhuriyet Halk Partisi (CHP)
_bAraştırma, Bilim ve Yönetim Platformu
240 _aCHP ne öneriyor?
245 _aEmekliler
_bCHP ne öneriyor?
_cCHP Araştırma, Bilim ve Yönetim Platformu
260 _aAnkara
_bCHP
_c2015
300 _abroşür
_c30 sm.
440 _aCumhuriyet Halk Partisi yayınları
_pBroşürler
610 _aCHP
_xPropaganda ve ideolojiler
_yEmekliler
650 _aCHP
_xSeçim kampanyaları, 2015
657 _aCHP seçim kampanyaları
657 _aCHP seçim propagandaları
830 _aCHP broşürleri
942 _2ddc
_cBKS
999 _c4647
_d4647